Pour un dialogue avec les athées

Сохранить в:
Библиографические подробности
Главный автор: Lelong, Michel (Автор)
Формат:
Язык:французский
Опубликовано: París Les Editions du Cerf 1965
Серии:L'Eglise aux Cent Visages, 17
Предметы:
Метки: Добавить метку
Нет меток, Требуется 1-ая метка записи!

MARC

LEADER 00000nam a2200000 a 4500
001 UCH5805
003 CL-VaPUC
008 091029e19650000FR |||||||||||||||||fre|d
082 0 4 |a 260  |b LEL  |2 21 
100 0 |a Lelong, Michel  |e author  |9 542144 
245 1 0 |a Pour un dialogue avec les athées 
300 |a 139 p 
942 |c BK 
945 |d 20091029 00:00:00  |a rbrito 
260 |a París  |b Les Editions du Cerf  |c 1965 
650 0 |a Teología social  |9 326726 
650 0 |a Ateísmo  |9 265671 
650 0 |a Ciencia y religión   |9 321686 
583 |a last modification  |c 20091029 00:00:00  |k Rodrigo Vera 
490 0 |a L'Eglise aux Cent Visages, 17 
999 |c 336852  |d 336850 
952 |0 0  |1 0  |4 0  |6 260_000000000000000_LEL_1965  |7 0  |8 A  |9 428853  |a BIBTEO  |b BIBTEO  |d 2019-11-22  |i 4612191  |o 260 LEL 1965  |p 4612191  |r 2025-01-17  |w 2019-11-22  |y BK  |k ICR